Concelhos de Bragança no mapa - Statistics

Estatísticas Gerais
  • Esse quiz foi jogado 80 vezes
  • A pontuação média é 10 de 12
Respostas no mapa
Respostas codificadas por cores de uma escala verde-vermelha no mapa do quiz de acordo com a % correta abaixo.
 
Estatísticas das Respostas
Resposta % Correto
Bragança
93%
Miranda do Douro
93%
Mogadouro
89%
Vinhais
89%
Freixo de Espada à Cinta
86%
Macedo de Cavaleiros
82%
Torre de Moncorvo
75%
Vila Flor
75%
Vimioso
75%
Mirandela
71%
Alfândega da Fé
68%
Carrazeda de Ansiães
68%
Nenhum quiz correspondente encontrado
Distribuição das Pontuações
Porcentagem de Pessoas com Cada Pontuação
Percentil de Números Respondidos
Sua Pontuação Histórica
Você não jogou esse quiz